ELECTRICAL ENGINEERINGB, BRINGING GROUNDING BACK TO EARTH (Record no. 571455)
[ view plain ]
| 000 -LEADER | |
|---|---|
| fixed length control field | 00396nam a22001217a 4500 |
| 082 ## - DEWEY DECIMAL CLASSIFICATION NUMBER | |
| Classification number | 621.3192 ORI'E |
| 100 ## - MAIN ENTRY--PERSONAL NAME | |
| Personal name | O' RILEY, R. P |
| 9 (RLIN) | 62311 |
| 245 ## - TITLE STATEMENT | |
| Title | ELECTRICAL ENGINEERINGB, BRINGING GROUNDING BACK TO EARTH |
| 260 ## - PUBLICATION, DISTRIBUTION, ETC. | |
| Place of publication, distribution, etc. | NEWYORK |
| Name of publisher, distributor, etc. | DELMAR |
| Date of publication, distribution, etc. | 1988 |
| 300 ## - PHYSICAL DESCRIPTION | |
| Extent | 325P |
| 650 ## - SUBJECT ADDED ENTRY--TOPICAL TERM | |
| Topical term or geographic name entry element | ELECTRIC CURRENTS GROUNDING NATIONAL FIRE PROTECTION ASSOCIATION NATIONAL ELECTRICAL CODE,1987 |
| 9 (RLIN) | 62312 |
| 942 ## - ADDED ENTRY ELEMENTS (KOHA) | |
| Koha item type | Book |
| Withdrawn status | Lost status | Damaged status | Not for loan | Permanent Location | Current Location | Shelving location | Date acquired | Total Checkouts | Full call number | Barcode | Date last seen | Price effective from | Koha item type |
|---|---|---|---|---|---|---|---|---|---|---|---|---|---|
| College of Electrical & Mechanical Engineering (CEME) | College of Electrical & Mechanical Engineering (CEME) | General Stacks | 07/24/2017 | 621.3192 ORI'E | CEME-25942 | 06/28/2021 | 06/28/2021 | Book | |||||
| College of Electrical & Mechanical Engineering (CEME) | College of Electrical & Mechanical Engineering (CEME) | General Stacks | 07/24/2017 | 621.3192 ORI'E | CEME-27444 | 06/28/2021 | 06/28/2021 | Book |
